00313 a2200145 450000100060000002000150000604000240002110000210004524000270006624500220009330000070011536200090012244000120013165000240014368718 a8508006292 cAnchieta - Itaigara aBelinky, Tatiana10aMedroso! Medroso!lpor10aMedroso! Medroso! a240 a1999 1aÁtica 4aLiteratura infantil